000 00553nam a22002057a 4500
003 OSt
005 20251011103401.0
008 251011b |||||||| |||| 00| 0 eng d
020 _a9783662562710
040 _cDDC
082 _a620.1 ENG 2018
100 _aGross, Dietmar; [et...al]
_919468
245 _aEngineering mechanics 2: mechanics of materials
250 _a2nd ed.
260 _aVerlag;
_bSpringer,
_c2018
300 _aix,311p.; col.ill: 21cm
504 _aIndex included
650 _aEngineering mechanics
_912294
942 _2z
_cO_SHELF
999 _c9567
_d9567